000 00562nam a2200181Ia 4500
005 20250326124928.0
008 250326s9999 xx 000 0 und d
037 _aTextbook
040 _aFMSL
_beng
_cFMSL
041 _aeng
_2eng
084 _aX:8F L08
_qFMSL
100 _aChattopadhyay P
_9212146
245 0 _aDecisional phenomena and the management accountant
_cChattopadhyay P
260 _aCalcutta
_bCalcutta, Institute Of Cost & Works Accountants Of India
_c1970
300 _a207p
942 _cTB
_hX:8F L08
999 _c1275808
_d1275808